[Event "SVR-op"]
[Site "Heimbach Weis"]
[Date "2017.04.08"]
[Round "2"]
[White "Plum, Paul"]
[Black "Kottemer, Juergen"]
[Result "0-1"]
[WhiteElo "1410"]
[BlackElo "1904"]
[PlyCount "72"]
[EventDate "2017.04.08"]
[EventType "swiss"]
[EventRounds "7"]
[EventCountry "GER"]
[SourceTitle "EXT 2020"]
[Source "ChessBase"]
[SourceDate "2019.10.17"]
[SourceVersion "1"]
[SourceVersionDate "2019.10.17"]
[SourceQuality "1"]

1. Nf3 Nf6 2. d4 d5 3. c4 e6 4. Nc3 dxc4 5. e4 Bb4 6. e5 Nd5 7. Bd2 Bxc3 8. bxc3 b5 9. a4 c6 10. axb5 cxb5 11. Qc2 Bb7 12. Bg5 Ne7 13. Be2 Qd5 14. Bxe7 Kxe7 15. 0-0 Nd7 16. Nh4 Qe4 17. Qxe4 Bxe4 18. Bf3 Bxf3 19. Nxf3 Nb6 20. Rfb1 a6 21. Rb2 Nd5 22. Rc2 Rhc8 23. Nd2 a5 24. Kf1 b4 25. cxb4 c3 26. Ne4 axb4 27. Rb1 Ra3 28. Nc5 Rxc5 29. dxc5 b3 30. Re2 c2 31. Rbe1 Nb4 32. Rd2 b2 33. c6 c1Q 34. Rd7+ Ke8 35. Red1 Nxc6 36. R7d6 b1Q 0-1

[Event "SVR op"]
[Site "Nickenich"]
[Date "2015.04.03"]
[Round "6"]
[White "Kottemer, Juergen"]
[Black "Stein, Dirk"]
[Result "1/2-1/2"]
[WhiteElo "1882"]
[BlackElo "1664"]
[PlyCount "82"]
[EventDate "2015.03.28"]
[EventType "swiss"]
[EventRounds "7"]
[EventCountry "GER"]
[SourceTitle "EXT 2016"]
[Source "ChessBase"]
[SourceDate "2015.10.08"]
[SourceVersion "1"]
[SourceVersionDate "2015.10.08"]
[SourceQuality "1"]

1. d4 b6 2. e4 e6 3. Nf3 Bb7 4. Bd3 Nf6 5. Qe2 d5 6. e5 Ne4 7. Nbd2 Nxd2 8. Bxd2 c5 9. c3 Nd7 10. 0-0 Be7 11. Rfe1 Nf8 12. g3 Bc6 13. Rad1 c4 14. Bc2 h5 15. h4 Ng6 16. Ng5 Bxg5 17. Bxg5 Ne7 18. f4 Qd7 19. f5 0-0-0 20. f6 gxf6 21. exf6 Nf5 22. Bxf5 exf5 23. Qe7 Rde8 24. Qxd7+ Bxd7 25. Re7 Rxe7 26. fxe7 Be6 27. Kf2 Rg8 28. Re1 Kd7 29. Kf3 b5 30. a4 Kc6 31. axb5+ Kxb5 32. Kf4 a5 33. Ra1 Kb6 34. Ke5 Kb5 35. Kd6 Kb6 36. Re1 Rc8 37. Ke5 Rg8 38. Kd6 Rc8 39. Ke5 Rg8 40. Kf6 Rg6+ 41. Ke5 Rg8 1/2-1/2

[Event "SVR op"]
[Site "Nickenich"]
[Date "2015.03.28"]
[Round "2"]
[White "Mehlem, Sabine"]
[Black "Kottemer, Juergen"]
[Result "0-1"]
[WhiteElo "1550"]
[BlackElo "1882"]
[PlyCount "102"]
[EventDate "2015.03.28"]
[EventType "swiss"]
[EventRounds "7"]
[EventCountry "GER"]
[SourceTitle "EXT 2016"]
[Source "ChessBase"]
[SourceDate "2015.10.08"]
[SourceVersion "1"]
[SourceVersionDate "2015.10.08"]
[SourceQuality "1"]

1. d4 Nf6 2. e3 d5 3. Bd3 c5 4. c3 Nc6 5. Nf3 Bg4 6. Be2 e6 7. h3 Bh5 8. Ne5 Bxe2 9. Qxe2 Nxe5 10. dxe5 Nd7 11. f4 Qh4+ 12. Qf2 Qxf2+ 13. Kxf2 c4 14. Nd2 Nc5 15. Ke2 Nd3 16. Nf3 Bc5 17. Ne1 Nxe1 18. Rxe1 f6 19. exf6 gxf6 20. g4 Ke7 21. Kf3 h5 22. g5 fxg5 23. fxg5 Raf8+ 24. Kg2 h4 25. Bd2 Rhg8 26. Rf1 Rxg5+ 27. Kh1 Rg3 28. Rxf8 Rxh3+ 29. Kg2 Rg3+ 30. Kf2 Kxf8 31. Rh1 Rg4 32. Kf3 Re4 33. Rg1 h3 34. Rh1 Rh4 35. Kg3 Rh7 36. Rxh3 Rxh3+ 37. Kxh3 Kf7 38. Kg4 Kf6 39. Kf3 Kf5 40. Be1 b5 41. a3 e5 42. Bf2 Be7 43. Be1 a5 44. Bf2 b4 45. axb4 axb4 46. Be1 b3 47. Bf2 Ba3 48. Ke2 Bxb2 49. Kd2 Ke4 50. Bg1 Ba3 51. Bh2 Bd6 0-1

[Event "SVR-op 35th"]
[Site "Nickenich"]
[Date "2012.04.06"]
[Round "6"]
[White "Kottemer, Juergen"]
[Black "Vossen, Harald"]
[Result "1/2-1/2"]
[WhiteElo "2070"]
[BlackElo "1697"]
[PlyCount "20"]
[EventDate "2012.03.30"]
[EventType "swiss"]
[EventRounds "7"]
[EventCountry "GER"]
[SourceTitle "EXT 2013"]
[Source "ChessBase"]
[SourceDate "2012.11.22"]
[SourceVersion "1"]
[SourceVersionDate "2012.11.22"]
[SourceQuality "1"]

1. d4 d5 2. Nf3 c6 3. c4 Nf6 4. Nc3 a6 5. e3 Bg4 6. cxd5 Bxf3 7. Qxf3 cxd5 8. Bd3 e6 9. 0-0 Nc6 10. Bd2 Bd6 1/2-1/2

[Event "SVR-op 35th"]
[Site "Nickenich"]
[Date "2012.04.01"]
[Round "3"]
[White "Goetz, Benjamin"]
[Black "Kottemer, Juergen"]
[Result "0-1"]
[WhiteElo "1590"]
[BlackElo "2070"]
[PlyCount "82"]
[EventDate "2012.03.30"]
[EventType "swiss"]
[EventRounds "7"]
[EventCountry "GER"]
[SourceTitle "EXT 2013"]
[Source "ChessBase"]
[SourceDate "2012.11.22"]
[SourceVersion "1"]
[SourceVersionDate "2012.11.22"]
[SourceQuality "1"]

1. e4 c5 2. Nf3 Nc6 3. Bc4 d6 4. c3 Nf6 5. d3 g6 6. Bg5 Bg7 7. Nbd2 0-0 8. 0-0 a6 9. a4 Bd7 10. Re1 h6 11. Bh4 Rb8 12. d4 b5 13. axb5 axb5 14. Bd5 Qb6 15. Bxc6 Bxc6 16. d5 Bd7 17. Qc2 e6 18. dxe6 Bxe6 19. e5 dxe5 20. Nxe5 Nd7 21. Ndf3 Nxe5 22. Nxe5 Rfe8 23. Bg3 Rbd8 24. Re3 Bf5 25. Qb3 Be6 26. Qc2 c4 27. Nxg6 fxg6 28. Qxg6 Qa7 29. Rae1 Qf7 30. Qc2 Bf5 31. Rxe8+ Rxe8 32. Rxe8+ Qxe8 33. Qd2 Bd3 34. h3 Qe2 35. Qxe2 Bxe2 36. f3 b4 37. Be1 b3 38. Kf2 Bd3 39. Ke3 Kf7 40. g4 Bf8 41. Kd4 Ba3 0-1

[Event "SVR-op 33rd"]
[Site "Mendig"]
[Date "2010.03.27"]
[Round "2"]
[White "Pikatz, Frank"]
[Black "Kottemer, Juergen"]
[Result "1/2-1/2"]
[WhiteElo "1594"]
[BlackElo "2070"]
[PlyCount "43"]
[EventDate "2010.03.27"]
[EventType "swiss"]
[EventRounds "7"]
[EventCountry "GER"]
[SourceTitle "EXT 2011"]
[Source "ChessBase"]
[SourceDate "2010.11.26"]
[SourceVersion "1"]
[SourceVersionDate "2010.11.26"]
[SourceQuality "1"]

1. d4 d5 2. Nf3 Nf6 3. e3 Bf5 4. c4 Bxb1 5. Rxb1 e6 6. cxd5 exd5 7. Qb3 Qc8 8. Bd3 Bd6 9. 0-0 c6 10. Bd2 0-0 11. Rbc1 Nbd7 12. Bb4 Bxb4 13. Qxb4 Qc7 14. Rfe1 Rfe8 15. h3 Ne4 16. Bxe4 Rxe4 17. Nd2 Re6 18. e4 dxe4 19. Nxe4 Qb6 20. Qxb6 axb6 21. Nc3 Rxe1+ 22. Rxe1 1/2-1/2

[Event "SVR-ch HT 29th"]
[Site "Koblenz"]
[Date "2006.04.13"]
[Round "5"]
[White "Herrmann, Markus"]
[Black "Kottemer, Juergen"]
[Result "0-1"]
[WhiteElo "1661"]
[BlackElo "2070"]
[PlyCount "170"]
[EventDate "2006.04.08"]
[EventType "swiss"]
[EventRounds "7"]
[EventCountry "GER"]
[SourceTitle "EXT 2009"]
[Source "ChessBase"]
[SourceDate "2008.11.26"]
[SourceVersion "1"]
[SourceVersionDate "2008.11.26"]
[SourceQuality "1"]

1. e4 e6 2. Nf3 d5 3. exd5 exd5 4. d4 Nf6 5. Bd3 Be7 6. 0-0 0-0 7. c3 Nbd7 8. Qc2 c5 9. dxc5 Nxc5 10. Be3 a6 11. Nbd2 Bd7 12. Bxc5 Bxc5 13. Nb3 Ba7 14. Nbd4 Qc7 15. Bf5 Rfe8 16. Bxd7 Qxd7 17. Qf5 Qxf5 18. Nxf5 Re2 19. Rab1 Rd8 20. N5d4 Ree8 21. Rfe1 Ne4 22. Rbd1 Kf8 23. Kf1 g6 24. Nh4 Rd6 25. Nhf3 Rd7 26. Re2 Rde7 27. Rde1 f5 28. g3 Kf7 29. Kg2 Kf6 30. h4 h6 31. Ng1 Bb8 32. Nc2 f4 33. g4 Nc5 34. Rxe7 Rxe7 35. Rxe7 Kxe7 36. b3 Ne4 37. Ne2 Be5 38. c4 dxc4 39. bxc4 Nd2 40. f3 Nxc4 41. Nb4 Ne3+ 42. Kh3 g5 43. Nd3 Kd6 44. Nxe5 Kxe5 45. Nc3 Nd5 46. Ne4 b5 47. hxg5 hxg5 48. Nxg5 Nc3 49. Kg2 Nxa2 50. Kf2 Nc3 51. Ke1 a5 52. Kd2 b4 53. Nf7+ Kd5 54. g5 Ke6 55. g6 Kf6 56. Ne5 a4 57. Nc6 Nd5 58. Kc2 Kxg6 59. Ne5+ Kf5 60. Nd3 Kf6 61. Nc5 a3 62. Ne4+ Ke5 63. Kb3 Kd4 64. Ng5 Ke3 65. Ka2 Nc3+ 66. Kb3 Ne2 67. Ne4 Kxf3 68. Nd2+ Kg2 69. Kxb4 a2 70. Nb3 f3 71. Ka3 a1Q+ 72. Nxa1 f2 73. Nc2 Ng3 74. Kb3 Nf5 75. Kc3 f1Q 76. Kb4 Qb1+ 77. Kc3 Kf2 78. Na3 Qc1+ 79. Kb4 Nd4 80. Nc4 Ke2 81. Ne5 Nc6+ 82. Nxc6 Qxc6 83. Kb3 Qc5 84. Kb2 Kd2 85. Kb3 Qb5+ 0-1

[Event "SVR-ch MAT-A"]
[Site "Hoehr-Grenzhausen"]
[Date "2004.??.??"]
[Round "?"]
[White "Kottemer, Juergen"]
[Black "Meyer, Marco"]
[Result "1/2-1/2"]
[WhiteElo "2070"]
[BlackElo "1835"]
[PlyCount "34"]
[EventDate "2004.??.??"]
[EventType "tourn"]
[EventRounds "9"]
[EventCountry "GER"]
[SourceTitle "EXT 2009"]
[Source "ChessBase"]
[SourceDate "2008.11.26"]
[SourceVersion "1"]
[SourceVersionDate "2008.11.26"]
[SourceQuality "1"]

1. d4 Nf6 2. Nf3 g6 3. c4 Bg7 4. Nc3 d6 5. e4 0-0 6. Be2 e5 7. d5 Ne8 8. Bg5 f6 9. Bh4 g5 10. Bg3 f5 11. exf5 Bxf5 12. Qd2 h6 13. Bd3 Bxd3 14. Qxd3 Nd7 15. Ne4 Nef6 16. Nfd2 Nxe4 17. Nxe4 Nf6 1/2-1/2

[Event "Rheinland-ch MAT B"]
[Site "Koblenz"]
[Date "2003.04.17"]
[Round "7"]
[White "Buzov, Boris"]
[Black "Kottemer, Juergen"]
[Result "1-0"]
[WhiteElo "2048"]
[BlackElo "1885"]
[PlyCount "81"]
[EventDate "2003.04.11"]
[EventType "tourn"]
[EventRounds "9"]
[EventCountry "GER"]
[SourceTitle "EXT 2004"]
[Source "ChessBase"]
[SourceDate "2003.11.25"]
[SourceVersion "1"]
[SourceVersionDate "2003.11.25"]
[SourceQuality "1"]

1. e4 e6 2. d3 d5 3. Nd2 Nc6 4. Ngf3 e5 5. g3 Be6 6. Bg2 Nf6 7. 0-0 h6 8. exd5 Nxd5 9. Re1 Bd6 10. Nc4 Qf6 11. Nxd6+ cxd6 12. d4 Nb6 13. b3 0-0 14. Bb2 Bg4 15. h3 Bxf3 16. Bxf3 exd4 17. Bxc6 bxc6 18. Bxd4 Qg6 19. c4 Rfe8 20. Qf3 c5 21. Be3 Nd7 22. Rad1 Ne5 23. Qd5 Qe6 24. Qxe6 fxe6 25. Kg2 Rad8 26. Bxc5 Nxc4 27. Bxa7 Ra8 28. bxc4 Rxa7 29. Rxd6 Rxa2 30. Rdxe6 Rc8 31. Re8+ Rxe8 32. Rxe8+ Kf7 33. Rc8 Rc2 34. Kf3 Kf6 35. Rc6+ Kf5 36. g4+ Ke5 37. Rg6 Rxc4 38. Rxg7 Rc3+ 39. Kg2 Kf6 40. Ra7 Kg5 41. Ra5+ 1-0

[Event "Rheinland-ch MAT B"]
[Site "Koblenz"]
[Date "2003.04.12"]
[Round "3"]
[White "Kottemer, Juergen"]
[Black "Kohlei, Rolf"]
[Result "0-1"]
[WhiteElo "1885"]
[BlackElo "2075"]
[PlyCount "144"]
[EventDate "2003.04.11"]
[EventType "tourn"]
[EventRounds "9"]
[EventCountry "GER"]
[SourceTitle "EXT 2004"]
[Source "ChessBase"]
[SourceDate "2003.11.25"]
[SourceVersion "1"]
[SourceVersionDate "2003.11.25"]
[SourceQuality "1"]

1. d4 f5 2. Nc3 d5 3. f3 Nf6 4. Bg5 c6 5. Bxf6 exf6 6. e4 Bb4 7. exd5 cxd5 8. Bb5+ Nc6 9. Nge2 0-0 10. 0-0 Qd6 11. Bd3 a6 12. Qd2 Ba5 13. Qf4 Qd7 14. Ng3 g6 15. Nce2 Bc7 16. Qh6 Qf7 17. c3 Bd7 18. Rae1 Rae8 19. Qd2 Bd6 20. Nc1 f4 21. Nh1 Kg7 22. Nb3 f5 23. Rf2 Rxe1+ 24. Qxe1 Re8 25. Re2 Rxe2 26. Qxe2 Kf6 27. Nf2 Qe6 28. Qxe6+ Bxe6 29. Kf1 g5 30. Be2 h5 31. h3 Bd7 32. Nd3 b6 33. a3 a5 34. Nf2 a4 35. Nd2 Nd8 36. Ke1 b5 37. Nd3 g4 38. Kf1 Nf7 39. Nf2 Kg5 40. Kg1 Kh4 41. Kh1 Ng5 42. Kg1 gxh3 43. gxh3 Nxh3+ 44. Nxh3 Kxh3 45. Nf1 Be7 46. Bd1 Bh4 47. Be2 Be1 48. Bd1 Kh4 49. Kg2 Kg5 50. Be2 Kf6 51. Bd1 b4 52. cxb4 Bb5 53. Bc2 h4 54. Bd1 h3+ 55. Kg1 Kg5 56. Bc2 Kf6 57. Bd1 Kg6 58. Bc2 Kg5 59. Bd1 Kh4 60. Bc2 Bxf1 61. Kxf1 Kg3 62. Kg1 Bf2+ 63. Kh1 Bxd4 64. Bxf5 Bxb2 65. b5 Bxa3 66. Bc2 Kxf3 67. Kh2 Bd6 68. Bxa4 Ke2 69. Kxh3 f3 70. b6 d4 71. Bb5+ d3 72. b7 f2 0-1

[Event "Koblenz-ch"]
[Site "Koblenz"]
[Date "2002.12.12"]
[Round "7"]
[White "Kottemer, Juergen"]
[Black "Rosselli, Martin"]
[Result "1-0"]
[WhiteElo "1915"]
[BlackElo "1659"]
[PlyCount "145"]
[EventDate "2002.10.17"]
[EventType "swiss"]
[EventRounds "7"]
[EventCountry "GER"]
[SourceTitle "EXT 2005"]
[Source "ChessBase"]
[SourceDate "2004.11.15"]
[SourceVersion "1"]
[SourceVersionDate "2004.11.15"]
[SourceQuality "1"]

1. d4 d5 2. Nf3 e6 3. c4 dxc4 4. e3 a6 5. Bxc4 Nf6 6. 0-0 c5 7. Nc3 b5 8. Bb3 cxd4 9. exd4 Bb7 10. Ne5 Be7 11. Re1 Nd5 12. Qg4 0-0 13. Nxf7 Rxf7 14. Qxe6 Bb4 15. Nxd5 Bxe1 16. Ne7+ Kh8 17. Qxf7 Bxf2+ 18. Qxf2 Qxe7 19. Bg5 Qd6 20. Qf4 Qxf4 21. Bxf4 Nc6 22. Rd1 Rd8 23. d5 Nb8 24. Bxb8 Rxb8 25. d6 g6 26. d7 Rd8 27. Be6 Kg7 28. Rf1 Bc6 29. Rf4 Rxd7 30. Bxd7 Bxd7 31. Kf2 a5 32. a3 a4 33. Ke3 g5 34. Rf2 Kg6 35. Rd2 Be6 36. Rd6 Kf5 37. Rd4 h5 38. h4 gxh4 39. Rxh4 Kg5 40. Rd4 Bc4 41. g3 Kf5 42. Kf3 Kg5 43. Rf4 Bd5+ 44. Ke3 Bc4 45. Ke4 Be2 46. Ke5 Bc4 47. Ke4 Be2 48. Ke3 Bc4 49. Kf2 Bd5 50. Kg1 Bc4 51. Kh2 Be2 52. Rd4 Bc4 53. Re4 Bd3 54. Re3 Bc4 55. Re5+ Kg4 56. Kg2 Bd3 57. Re7 Bc4 58. Rg7+ Kf5 59. Kh3 Be2 60. Kh4 Kf6 61. Rg5 Ke6 62. Rxh5 Kd6 63. Rf5 Bd3 64. Rf4 Ke5 65. Rf2 Kd4 66. g4 Kc4 67. g5 Bg6 68. Rf6 Be4 69. g6 Kb3 70. g7 Kxb2 71. g8Q Kxa3 72. Rf2 Bb1 73. Qg7 1-0

[Event "Koblenz-ch"]
[Site "Koblenz"]
[Date "2002.11.07"]
[Round "3"]
[White "Klebs, Sebastian"]
[Black "Kottemer, Juergen"]
[Result "0-1"]
[WhiteElo "1696"]
[BlackElo "1915"]
[PlyCount "76"]
[EventDate "2002.10.17"]
[EventType "swiss"]
[EventRounds "7"]
[EventCountry "GER"]
[SourceTitle "EXT 2005"]
[Source "ChessBase"]
[SourceDate "2004.11.15"]
[SourceVersion "1"]
[SourceVersionDate "2004.11.15"]
[SourceQuality "1"]

1. e4 e6 2. d4 d5 3. Nd2 Be7 4. e5 c5 5. dxc5 Bxc5 6. Nb3 Bb6 7. Qg4 Kf8 8. Nf3 Nc6 9. c3 Nge7 10. Bd3 Ng6 11. Bxg6 hxg6 12. 0-0 Bd7 13. Re1 Rc8 14. Be3 Bxe3 15. Rxe3 Ne7 16. Rd3 Qb6 17. Qd4 Qa6 18. Rdd1 Rc4 19. Qd2 Qb6 20. Nbd4 Rh5 21. b3 Rc8 22. Rac1 Nc6 23. Nxc6 Bxc6 24. Qd4 Qxd4 25. cxd4 Ke7 26. Rc3 Rch8 27. Rdc1 g5 28. g4 Rh3 29. b4 f6 30. exf6+ gxf6 31. Kg2 e5 32. Rxc6 bxc6 33. Rxc6 e4 34. Nd2 Rxh2+ 35. Kf1 e3 36. fxe3 Rxd2 37. Rc7+ Kd8 38. Rxa7 Rh1# 0-1

[Event "Koblenz-ch"]
[Site "Koblenz"]
[Date "2002.10.17"]
[Round "1"]
[White "Weis, Thomas"]
[Black "Kottemer, Juergen"]
[Result "1/2-1/2"]
[WhiteElo "1543"]
[BlackElo "1915"]
[PlyCount "69"]
[EventDate "2002.10.17"]
[EventType "swiss"]
[EventRounds "7"]
[EventCountry "GER"]
[SourceTitle "EXT 2005"]
[Source "ChessBase"]
[SourceDate "2004.11.15"]
[SourceVersion "1"]
[SourceVersionDate "2004.11.15"]
[SourceQuality "1"]

1. e4 b6 2. d4 Bb7 3. Nc3 e6 4. a3 c5 5. Nf3 cxd4 6. Nxd4 Nc6 7. Be3 Nf6 8. f3 Be7 9. Nxc6 dxc6 10. Qxd8+ Rxd8 11. Bd3 0-0 12. 0-0-0 Nd7 13. f4 Nf6 14. h3 c5 15. g4 c4 16. Bxc4 Nxe4 17. Nxe4 Bxe4 18. Rh2 Rxd1+ 19. Kxd1 Rd8+ 20. Kc1 h6 21. h4 Bf3 22. Be2 Bxe2 23. Rxe2 Bxh4 24. g5 hxg5 25. fxg5 Bg3 26. g6 fxg6 27. Rg2 Be5 28. Rxg6 Kf7 29. Rg4 Rd7 30. Rg2 Bf6 31. Rf2 e5 32. Bg5 Ke6 33. Bd2 g5 34. Rh2 Rxd2 35. Kxd2 1/2-1/2

[Event "Koblenz-ch"]
[Site "Koblenz"]
[Date "2000.10.17"]
[Round "4"]
[White "Kottemer, Juergen"]
[Black "Potap, Leonid"]
[Result "1/2-1/2"]
[WhiteElo "1820"]
[BlackElo "1892"]
[PlyCount "29"]
[EventDate "2000.08.29"]
[EventType "swiss"]
[EventRounds "7"]
[EventCountry "GER"]
[SourceTitle "EXT 2005"]
[Source "ChessBase"]
[SourceDate "2004.11.15"]
[SourceVersion "1"]
[SourceVersionDate "2004.11.15"]
[SourceQuality "1"]

1. d4 d5 2. Nf3 e6 3. c4 Nf6 4. Nc3 Be7 5. Bg5 h6 6. Bh4 b6 7. cxd5 Nxd5 8. Bxe7 Qxe7 9. Nxd5 exd5 10. e3 0-0 11. Be2 Be6 12. 0-0 Nd7 13. Rc1 c5 14. Ba6 Rab8 15. a4 1/2-1/2

[Event "Koblenz-ch"]
[Site "Koblenz"]
[Date "2000.08.29"]
[Round "1"]
[White "Weis, Thomas"]
[Black "Kottemer, Juergen"]
[Result "0-1"]
[WhiteElo "1476"]
[BlackElo "1820"]
[PlyCount "64"]
[EventDate "2000.08.29"]
[EventType "swiss"]
[EventRounds "7"]
[EventCountry "GER"]
[SourceTitle "EXT 2005"]
[Source "ChessBase"]
[SourceDate "2004.11.15"]
[SourceVersion "1"]
[SourceVersionDate "2004.11.15"]
[SourceQuality "1"]

1. e4 c5 2. Nf3 d6 3. d4 cxd4 4. Qxd4 a6 5. Nc3 Nc6 6. Qd1 Nf6 7. Bd3 g6 8. 0-0 Bg7 9. Re1 0-0 10. a3 b5 11. Bd2 Ng4 12. h3 Nge5 13. Nxe5 Nxe5 14. f4 Nc4 15. Bxc4 bxc4 16. Qe2 Be6 17. f5 gxf5 18. exf5 Bxf5 19. Qxc4 e6 20. Qf4 Qb6+ 21. Kh1 Qxb2 22. Qg3 Kh8 23. Ra2 Qb6 24. Rb1 Qc6 25. Qe3 Rab8 26. Rab2 Rxb2 27. Rxb2 Rg8 28. Rb6 Qa8 29. Rxd6 Bf8 30. Qd4+ Rg7 31. Bg5 Bxd6 32. Bf6 Qxg2# 0-1